000
00280nam a22001217a 4500
003
SGT
082
_a
618.92
_b
P09S
100
_a
SIROTNAK, ANDREW
245
_a
PEDIATRIC CLINICS OF NORTH AMERICA VOL 56
260
_a
PHILADELPHIA
_b
SAUNDERS
_c
2009
300
_a
448
942
_2
ddc
_c
BK
999
_c
14045
_d
14045